Statistics for Foods that Start with Q

Click here to take the quiz!

General Stats

  • This quiz has been taken 295 times
  • The average score is 6 of 11

Answer Stats

Answer% Correct
{Quarter} Pounder
91%
{Quail} Eggs
88%
Quiche
79%
Quesadilla
77%
Chile con {Queso}
73%
Quinoa
58%
Quince
50%
Quorn
29%
Quahog
18%
Quark
15%
Desert {Quandong}
5%

Score Distribution

Percentile by Number Answered

Percent of People with Each Score

Your Score History

You have not taken this quiz